| 000 | 00816nmm a2200265 a 4500 | ||
|---|---|---|---|
| 001 | ocm000580754 | ||
| 003 | TR-IsHL | ||
| 005 | 20201028141146.0 | ||
| 008 | 131219s2010 tu tur | ||
| 007 | cr cn | ||
| 020 | _a9786054447015 | ||
| 035 |
_a580754 _b(N$T) |
||
| 050 | 0 | 4 |
_aPL248.B39 _bB37 2010 |
| 090 | 0 | 4 |
_aPL248.B39 _bB37 2010 |
| 100 | 1 | _aBayhan, Nevzat | |
| 245 | 1 | 0 |
_aBatıya akan nehirler _h[electronic resource] / _cNevzat Bayhan |
| 260 |
_aİstanbul : _bFerfir Yayınları, _c2010 |
||
| 300 | _a p. | ||
| 650 | 4 | _aDil ve Edebiyat | |
| 650 | 4 | _aLanguage and Literature | |
| 650 | 0 | _aSöyleşiler | |
| 650 | 0 | _aInterviews | |
| 650 | 7 |
_aLITERARY COLLECTIONS / Middle Eastern _2bisacsh |
|
| 856 | 4 | 0 | _uhttp://search.ebscohost.com/login.aspx?direct=true&scope=site&db=e011xww&AN=580754 |
| 999 |
_c7668 _d7668 |
||